00691nam a22001697a 4500003000900000008004100009040007100050082002000121100003000141245005900171260002700230300002600257505015300283650003100436650002100467650003300488AR-CdUCM190313b ||||| |||| 00| 0 spa d aMUNICIPALIDAD PROVINCIAL DEL CUSCOcBIBLIOTECA MUNICIPAL DEL CUSCO a985.0013 /bM26 aMariategui, José Carlos a7 ensayos de interpretación de la realidad peruana / aLima :bAmauta,c1968. a277 paginas ;c25 cm. aContenido : Esquema de la evolución económica -- El problema del indio -- El problema de la tierra -- El proceso de la instrucción publica ... aHistoria social del Perú aRealidad peruana aHistoria económica peruana